| 000 | 00447nam a22001817a 4500 | ||
|---|---|---|---|
| 003 | OSt | ||
| 005 | 20180116183046.0 | ||
| 008 | 160720b xxu||||| |||| 00| 0 eng d | ||
| 020 | _a0 | ||
| 040 | _c0 | ||
| 082 | _a025 SHE 2014 | ||
| 100 | _aIqrar Hussain Sheikh | ||
| 245 |
_aLibrary Automation _cIqrar Hussain Sheikh |
||
| 260 |
_aRawalpindi _bThe Books _c2014 |
||
| 300 |
_a288 p. _bHB |
||
| 440 | _aLibrary Automation | ||
| 942 |
_2ddc _cBK |
||
| 999 |
_c351429 _d351429 |
||